Russian social science review a journal of translations.

Detalles Bibliográficos
Título anterior:Soviet review
Formato: Electrónico Revista
Lenguaje:inglés
Publicado: Armonk, NY : M.E. Sharpe, ©1992-
Taylor & Francis
Materias:
Acceso en línea:Full text available from Research Library: 01/01/1994 to 11/30/2001

MARC

LEADER 00000nas a2200000 i 4500
001 ssj0001912
003 WaSeSS
005 20200512172242.0
006 m d
007 cr n
008 000726c19929999nyubr pss 0 a0eng c
010 |a  2005213146 
015 |a GBB5H2534  |2 bnb 
016 7 |a 101087856  |2 DNLM 
016 7 |a 016869969  |2 Uk 
022 |a 1557-7848  |l 1061-1428  |y 1061-1428 
035 |a (WaSeSS)ssj0001912 
037 |b M.E. Sharpe, Inc., 80 Business Park Dr., Armonk, NY 10504, Tel: 1-800-541-6563 
040 |a UV$  |b eng  |e pn  |c UV$  |d OCLCQ  |d OCL  |d MUQ  |d OCLCS  |d NSD  |d OCLCQ  |d OCLCF  |d OCLCO  |d OCLCQ  |d WT2  |d NLE  |d DLC  |d NTG  |d OCLCQ  |d AU@  |d VT2  |d OCL  |d CUS  |d OCLCE  |d UAB  |d FIE  |d PUG  |d LND  |d TOF  |d UKMGB  |d CUY  |d OCLCO  |d OCLCQ  |d OCLCA  |d OCL  |d UEJ  |d WaSeSS 
042 |a nsdp  |a pcc  |a dlr 
043 |a e-ur--- 
050 0 0 |a AS261 
082 1 0 |a 057.1  |2 13 
222 0 |a Russian social science review  |b (Online) 
245 0 0 |a Russian social science review  |h [electronic resource] :  |b a journal of translations. 
260 |a Armonk, NY :  |b M.E. Sharpe,  |c ©1992- 
260 3 |3 <2018-> :  |a Taylor & Francis 
310 |a Bimonthly 
362 1 |a Began with vol. 33, no. 2 (Mar./Apr. 1992). 
506 |a License restrictions may limit access. 
538 |a Master and use copy. Digital master created according to Benchmark for Faithful Digital Reproductions of Monographs and Serials, Version 1. Digital Library Federation, December 2002.  |u http://purl.oclc.org/DLF/benchrepro0212  |5 MiAaHDL 
538 |a Mode of access: World Wide Web. 
546 |a Includes translations from various Russian language sources. 
583 1 |a digitized  |c 2010  |h HathiTrust Digital Library  |l committed to preserve  |2 pda  |5 MiAaHDL 
588 |a Latest issue consulted: Volume 59, issue 2 (2018) (Taylor & Francis online, viewed April 13, 2018). 
650 0 |a Social sciences  |z Russia  |v Periodicals. 
650 0 |a Social sciences  |z Russia  |x History  |v Periodicals. 
650 6 |a Sciences sociales  |z Russie  |v Périodiques. 
650 6 |a Sciences sociales  |z Russie  |x Histoire  |v Périodiques. 
650 7 |a Social sciences.  |2 fast  |0 (OCoLC)fst01122877 
650 7 |a Zeitschrift  |2 gnd 
650 7 |a Länderforschung.  |2 stw 
650 7 |a Sowjetunion.  |2 stw 
650 7 |a Wirtschaftsinformation.  |2 stw 
650 7 |a USA.  |2 stw 
650 7 |a Sozialwissenschaft.  |2 stw 
651 7 |a Russia.  |2 fast  |0 (OCoLC)fst01207312 
651 7 |a GUS.  |2 swd 
653 |a Periodical 
655 0 |a Electronic journals. 
776 0 8 |i Print version :  |t Russian social science review  |x 1061-1428  |w (DLC) 92641786  |w (OCoLC)25189454 
780 0 0 |t Soviet review  |w (OCoLC)559214904 
850 |a DLC 
856 4 0 |z Full text available from Research Library: 01/01/1994 to 11/30/2001  |u https://search.proquest.com/publication/47698